| 000 | 00584nam a2200181Ia 4500 | ||
|---|---|---|---|
| 008 | 240729s9999 xx 000 0 und d | ||
| 022 | _a2476-5279 | ||
| 245 | 0 | _aInternational Journal of Musculoskeletal Pain Prevention | |
| 260 | _aIran, Islamic Republic of | ||
| 260 | _bUniversity of Tarbiat Modares | ||
| 650 | _a Diseases of the musculoskeletal system | Science | ||
| 650 | _a Internal medicine | ||
| 650 | _a Specialties of internal medicine | ||
| 650 | _aMedicine | ||
| 856 | _uhttps://doaj.org/toc/ccc07733d76f4c1a94d639d23b996c32 | ||
| 942 | _2ddc | ||
| 942 | _cDOAJEJ | ||
| 999 |
_c69786 _d69786 |
||
| 945 |
_a1 _bMadushi Gamage _c1 _dMadushi Gamage |
||